000 00626nam a2200229Ia 4500
001 824
003 GE_BSU
008 181216s||||||||xx |||||||||||||| ||und||
020 _a5200031575
040 _cGE_BSU
080 _a808.2
100 _aАникина,М.Н.
245 _aНачинаем изучать русский в Россию с любовью
245 _bУчебное пособие по русскому языку
260 _aМосква
260 _bРусский язык
260 _c2002
300 _a142стр.
541 _h6л.
653 _aрусский язык
942 _cBK
999 _c34988
_d34988